maiores artilheiros do campeonato brasileiro - Statistics

Estatísticas Gerais
  • Esse quiz foi jogado 417 vezes
  • A pontuação média é 7 de 10
Estatísticas das Respostas
Hint Resposta % Correto
1- Vasco, 190 gols Roberto Dinamite
95%
3- Fluminense, 153 gols Fred
94%
2- Vasco, 154 gols Romário
94%
5- Flamengo, 135 gols Zico
88%
4- Vasco, 153 gols Edmundo
78%
6- Botafogo, 129 gols Túlio Maravilha
71%
9- Grêmio, 123 gols Diego Souza
53%
8- Fluminense, 126 gols Washington
48%
7- Santos, 127 gols Serginho Chulapa
21%
10- Vasco, 116 gols Luís Fabiano
20%
Nenhum quiz correspondente encontrado
Distribuição das Pontuações
Porcentagem de Pessoas com Cada Pontuação
Percentil de Números Respondidos
Sua Pontuação Histórica
Você não jogou esse quiz